| 000 | 00657nam a22001337a 4500 | ||
|---|---|---|---|
| 040 | _cRUA | ||
| 082 | _aFIS HEM 2013 B185 Or.1 | ||
| 100 | _aHEM, SOPHEAP | ||
| 245 | _aFry seed production of red-tail tinfoil barb(Barbodes altus) by semi-artificial method by using HGG and suprefact, ការផលិតកូនត្រីតាមបែបពាក់កណ្តាលសិប្បនិម្មិតដោយប្រើអរម៉ូន HCG និងSUPREFACT | ||
| 260 |
_aPhnom Penh _bRUA _c2013 |
||
| 300 |
_ax,m 33p. _bill. _c29cm. |
||
| 856 | _uhttps://drive.google.com/file/d/1odj2Gneu1b3XNKoxLgwN9xISdkdsZ5iX/view?usp=sharing | ||
| 942 | _cFIS | ||
| 999 |
_c4038 _d4038 |
||